000 01350nam a22003377a 4500
001 T0000020
003 KOHA_MİRAKIL
005 20260207004504.0
007 ta
008 190402b2011 xx |||grm|||#0|||0|tur |
040 _aTR-BiSEU
_btur
_cTR-BiSEU
_erda
041 0 _atur
050 0 0 _aTez
_b20
100 1 _aYeşilnacar, Yakup Osman.
245 1 _aBilecik ilinin yapay sinir ağları ile rüzgâr hızı, basınç ve sıcaklık tahmini/
_cYakup Osman Yeşilnacar ; Yakup Osman Yeşilnacar; danışman Ayhan Gün.
264 1 _aBilecik :
_bBilecik Üniversitesi
_c2011
300 _aXV,103 sayfa: grafik; 30 cm+1 CD-ROM
336 _ametin
_btxt
_2rdacontent
337 _aaracısız
_bn
_2rdamedia
338 _acilt
_bnc
_2rdacarrier
500 _aRef. No: 412192
500 _aKaynakça var.
500 _aİngilizce Eser Adı: Estimation of wind speed, pressure and temperature for Bilecik city using artificial neural networks
502 _aTez (Yüksek Lisans) -- Bilecik Üniversitesi Fen Bilimleri Enstitüsü Elektrik-Elektronik Mühendisliği Anabilim Dalı, Bilecik, .
650 0 _aYapay sinir ağları--Rüzgâr hızı.
_9118838
650 0 _aBasınç.
_938099
650 0 _aArtificial neural networks (ANN)--Wind speed.
_9118839
650 0 _aPressure.
_938101
856 4 0 _uhttp://acikkaynak.bilecik.edu.tr/xmlui/handle/11552/86
907 _aYüksek Lisans
942 _2lcc
_cTS
999 _c64571
_d64571